00441nam a2200169Ia 450000500170000000800410001702000180005804100080007608200130008410000110009724500770010826000380018530000090022350000140023265000140024670000110026020230401141012.0230125s9999 xx 000 0 und d a9788132113423 aeng a330bKAU aKaul V aEasy Money:Evolution of Money from Robinson Cruse to the First World War c2013bSage publicationaNew Delhi a277p aEconomics aEconomics aKaul V